000 01930nam a22002537a 4500
999 _c63129
_d63129
003 Ge_BSU
005 20250610095813.0
008 250609s2023 ge ||||| |||| 00| 0 geo d
020 _a9789941316456
041 _ageo
080 _a51(075.8) მ-15
245 _aმათემატიკა : 1 კლასი :
_bმოსწავლის წიგნი. ნაწ. 1 /
_cგურამ გოგიშვილი, თეიმურაზ ვეფხვაძე, ია მებონია, ლამარა ქურჩიშვილი; რედაქტორი თეიმურაზ ვეფხვაძე; მხატვარი ნანა მიქაბერიძე; გარეკანის დიზაინერები: გურამ გოგიშვილი, ილია ხელაია.
264 _aთბილისი :
_b ინტელექტი,
_c2023.
300 _a86 გვ.:
_bილ.;
_c28 სმ.
500 _aგრიფმინიჭებულია საქართველოს განათლებისა და მეცნიერების სამინისტროს მიერ 2023 წელს
653 _aმათემატიკა
700 _aგოგიშვილი, გურამ
_eავტორი, გარეკანის დიზაინერი
_925335
700 _aვეფხვაძე, თეიმურაზ
_eავტორი, რედაქტორი
_925336
700 _aმებონია, ია
_eავტორი
_925337
700 _aქურჩიშვილი, ლამარა
_eავტორი
_925338
700 _aმიქაბერიძე, ნანა
_eმხატვარი
_925287
700 _aხელაია, ილია
_eგარეკანის დიზაინერი
_925339
942 _2udc
_cᲬᲘᲒᲜᲘ